Hilkhot bayit kesherot. (Record no. 34085)

MARC details
000 -LEADER
fixed length control field 00676cam a22002411 4500
001 - CONTROL NUMBER
control field he 68004386
003 - CONTROL NUMBER IDENTIFIER
control field DLC
005 - DATE AND TIME OF LATEST TRANSACTION
control field 20260227111508.0
008 - FIXED-LENGTH DATA ELEMENTS--GENERAL INFORMATION
fixed length control field 940317s1967 is 000 0 heb
010 ## - LIBRARY OF CONGRESS CONTROL NUMBER
LC control number he 68004386
025 ## - OVERSEAS ACQUISITION NUMBER
Overseas acquisition number PL480:Is-5720
035 ## - SYSTEM CONTROL NUMBER
System control number (OCoLC)29982419
040 ## - CATALOGING SOURCE
Original cataloging agency DLC
Transcribing agency TxU
Modifying agency DLC
042 ## - AUTHENTICATION CODE
Authentication code premarc
050 00 - LIBRARY OF CONGRESS CALL NUMBER
Classification number BM710
Item number .H48
245 00 - TITLE STATEMENT
Title Hilkhot bayit kesherot.
260 ## - PUBLICATION, DISTRIBUTION, ETC.
Place of publication, distribution, etc. [Yerushalayim]
Name of publisher, distributor, etc. Miʹsrad ha-ḥinukh veha-tarbut, ha-Maḥlakah le-tarbut Toranit
Date of publication, distribution, etc. [1967?]
300 ## - PHYSICAL DESCRIPTION
Extent 8 p.
Dimensions 21 cm.
500 ## - GENERAL NOTE
General note Cover title.
500 ## - GENERAL NOTE
General note Vocalized.
650 #0 - SUBJECT ADDED ENTRY--TOPICAL TERM
Topical term or geographic name entry element Jews
General subdivision Dietary laws.
710 1# - ADDED ENTRY--CORPORATE NAME
Corporate name or jurisdiction name as entry element Israel.
Subordinate unit Maḥlaḳah le-tarbut Toranit.

No items available.

Powered by Koha